Weltwirtschaftlicher Strukturwandel und Standortwettbewerb <Die> deutsche Wirtschaft auf dem Prüfstand
Gespeichert in:
| Format: | Buch |
|---|---|
| Sprache: | Deutsch |
| Veröffentlicht: |
Tübingen
Mohr
1989
|
| Ausgabe: | 1. Aufl. |
| Schriftenreihe: | Kieler Studien
228 |
| Tags: |
Keine Tags, Fügen Sie das erste Tag hinzu!
|
MARC
| LEADER | 00000nam a2200000 4500 | ||
|---|---|---|---|
| 001 | c035526 | ||
| 005 | 20221215125001.5 | ||
| 041 | 0 | |a ger | |
| 044 | |a DE | ||
| 245 | 1 | 0 | |a Weltwirtschaftlicher Strukturwandel und Standortwettbewerb |b <Die> deutsche Wirtschaft auf dem Prüfstand |
| 250 | |a 1. Aufl. | ||
| 264 | 1 | |a Tübingen |b Mohr |c 1989 | |
| 300 | |a 219 s. | ||
| 490 | 1 | |a Kieler Studien |v 228 | |
| 830 | 0 | |a Kieler Studien |v 228 | |